Library of the University of Algiers 3
Ibrahim Sultan Cheibout
شعار جامعة الجزائر 3
مكتبة جامعة الجزائر 3
إبراهيم سلطان شيبوط

الكامل في الاحصاء : (رقم التسجيلة. 46336)

تفاصيل مارك
000 -LEADER
fixed length control field 01051nam a2200241Ia 4500
003 - CONTROL NUMBER IDENTIFIER
control field Ost
005 - DATE AND TIME OF LATEST TRANSACTION
control field 20260507075803.0
008 - FIXED-LENGTH DATA ELEMENTS--GENERAL INFORMATION
fixed length control field 260507s9999||||xx |||||||||||||| ||und||
020 ## - INTERNATIONAL STANDARD BOOK NUMBER
International Standard Book Number 9789961014073
040 ## - CATALOGING SOURCE
Transcribing agency fsecg
041 ## - LANGUAGE CODE
Language code of text/sound track or separate title ara
082 ## - DEWEY DECIMAL CLASSIFICATION NUMBER
Classification number 519.5
100 ## - MAIN ENTRY--PERSONAL NAME
Personal name عزوز، عبد الرزاق
Relator term مؤلف
245 #0 - TITLE STATEMENT
Title الكامل في الاحصاء :
Remainder of title دروس مفصلة ، تمارين و مسائل مع الحلول /
Statement of responsibility, etc. عبد الرزاق عزوز
260 ## - PUBLICATION, DISTRIBUTION, ETC.
Place of publication, distribution, etc. الجزائر:
Name of publisher, distributor, etc. ديوان المطبوعات الجامعية,
Date of publication, distribution, etc. 2011
300 ## - PHYSICAL DESCRIPTION
Extent 271 صفحة؛
Other physical details إيضاحات ؛
Dimensions 27 سم
504 ## - BIBLIOGRAPHY, ETC. NOTE
Bibliography, etc. note ببليوعرافيا ص.269
520 ## - SUMMARY, ETC.
Summary, etc. يتناول الكتاب مقاييس الشكل و التمركز ، الارقام القياسية ، التوزيعات الاحصائية دات بعدين ،التوفيق و الارتباط، مسائل متنوعة.
653 ## - INDEX TERM--UNCONTROLLED
Uncontrolled term الاحصاء
653 ## - INDEX TERM--UNCONTROLLED
Uncontrolled term الاحصاء الرياضي
653 ## - INDEX TERM--UNCONTROLLED
Uncontrolled term الاستدلال الاحصائي
942 ## - ADDED ENTRY ELEMENTS (KOHA)
Koha item type كتب
المقتنيات
Withdrawn status Lost status Source of classification or shelving scheme Damaged status Not for loan Home library Current library Date acquired Serial enumeration / chronology Inventory number Total checkouts Full call number Barcode Date last seen Price effective from Koha item type
    Library of Congress Classification   NOT LOAN / إعارة داخلية مكتبة كلية العلوم الإقتصادية والعلوم التجارية وعلوم التسيير مكتبة كلية العلوم الإقتصادية والعلوم التجارية وعلوم التسيير 07/05/2026 الطابق الأرضي 025.21/605   538/025.21ج2ن01 025.21/605 07/05/2026 07/05/2026 كتب

موارد الويب المفتوحة


© University of Algiers 3 All Rights Reserved
|
Implemented by LECHELAH Riad